000
00236pam a2200133 a 4500
020
_c
041
_h
100
_a
Margery Green
245
_a
Call of the Wild
260
_c
1997
300
_a
92
653
_a
Land
930
_a
1182
999
_c
247035
_d
247035